KOHA-Header-6

Multinational Financial Management (Record no. 10145)

000 -LEADER
fixed length control field 00270nam a2200109Ia 4500
100 ## - MAIN ENTRY--AUTHOR NAME
Personal name Alan C.Shapiro
245 #0 - TITLE STATEMENT
Title Multinational Financial Management
260 ## - PUBLICATION, DISTRIBUTION, ETC. (IMPRINT)
Place of publication India
Name of publisher S. Chand
Year of publication 2004
300 ## - PHYSICAL DESCRIPTION
Number of Pages 150
942 ## - ADDED ENTRY ELEMENTS (KOHA)
Koha item type Books
Holdings
Withdrawn status Lost status Collection code Permanent Location Current Location Shelving location Date acquired Full call number Accession Number Koha item type
    Finance MAJU MAJU Shelf No.A44 2019-09-14 346.4 6255 Finance

Powered by Koha